| 000 | 01961cas a2200505 a 4500 | ||
|---|---|---|---|
| 001 | 11291424 | ||
| 003 | NUST | ||
| 005 | 20220110152610.0 | ||
| 008 | 850812c197u9999pk mr p w 0 a0eng c | ||
| 010 |
_a 84932199 _zsn 85061547 |
||
| 035 | _a(OCoLC)ocm12376590 | ||
| 038 | _awaseem | ||
| 040 |
_aHUL _beng _cHUL _dDLC _dNST _dDLC _dNST _dSYS _dOCLCQ _dHVL _dOCLCQ _dOCLCF _dOCLCO _dOCL _dOCLCO _dOCLCA _dOCLCQ |
||
| 042 | _apcc | ||
| 043 | _aa-pk--- | ||
| 050 | 0 | 0 | _aLAW |
| 050 | 4 |
_aKPL479.A48 _bC58 |
|
| 082 | 0 | 0 |
_a348.5491046 _bCIV |
| 245 | 0 | 0 |
_aCivil law cases: _ba monthly journal of civil ruling s duly approved for reporting 1990 / _cEdited by Malik Muhammad Saeed |
| 260 |
_aLahore : _bP.L.D. Publishers, _c1990. |
||
| 300 |
_avolumes ; _c23 cm |
||
| 310 | _aMonthly with annual cumulation | ||
| 336 |
_atext _btxt _2rdacontent |
||
| 337 |
_aunmediated _bn _2rdamedia |
||
| 338 |
_avolume _bnc _2rdacarrier |
||
| 500 | _a"Approved by Supreme Court and High Courts of Pakistan and Azad J. & K." | ||
| 515 | _aVolumes for <1981-> issued in parts. | ||
| 563 | _aHBK. | ||
| 588 | _aDescription based on: 1979; title from caption. | ||
| 650 | 0 |
_aCivil law _zPakistan _vCases. _987688 |
|
| 650 | 0 |
_aLaw reports, digests, etc. _zPakistan. _987689 |
|
| 650 | 7 |
_aCivil law. _2fast _0(OCoLC)fst00862544 _987690 |
|
| 650 | 7 |
_aLaw reports, digests, etc. _2fast _0(OCoLC)fst00994106 _987691 |
|
| 651 | 7 |
_aPakistan. _2fast _0(OCoLC)fst01210275 _987692 |
|
| 655 | 7 |
_aCourt decisions and opinions. _2fast _0(OCoLC)fst01774257 _987693 |
|
| 655 | 7 |
_aTrials, litigation, etc. _2fast _0(OCoLC)fst01423712 _987694 |
|
| 655 | 7 |
_aCourt decisions and opinions. _2lcgft _987693 |
|
| 710 | 1 |
_aPakistan. _bSupreme Court. _987695 |
|
| 906 |
_a7 _bcbc _cserials _d3 _encip _f19 _gn-oclcserc |
||
| 942 |
_2ddc _cREF _s1 |
||
| 999 |
_c587532 _d587532 |
||